| 000 | 00746nam a2200253 a 4500 | ||
|---|---|---|---|
| 001 | 33928 | ||
| 003 | BD-RjUL | ||
| 005 | 20211209052100.0 | ||
| 008 | 170123s1970 us 001 0 eng d | ||
| 020 | _a0471212881 | ||
| 035 | _a(BD-RjUL)34020) | ||
| 040 |
_aDLC _beng _cDLC _dBD-RjUL |
||
| 041 | _aeng | ||
| 082 | 0 | 4 |
_a304.2 _bDIR 1970 _223 |
| 100 | 1 |
_aDickinson, Robert E. _949849 |
|
| 245 | 1 | 0 |
_aRegional ecology : _bthe study of man's environment / _cRobert E. Dickinson |
| 260 |
_aNew York ; _aLondon : _bWiley, _c1970. |
||
| 300 |
_axiii, 199 p. ; _c22 cm |
||
| 504 | _aIncludes bibliographical references and index | ||
| 650 | 0 | 7 |
_aRegionalism _9103091 |
| 650 | 0 | 7 |
_aecology _9170271 |
| 650 | 0 | 7 |
_aenvironment _9179730 |
| 942 |
_2ddc _cBK _04 |
||
| 999 |
_c33928 _d33928 |
||